000 00752nam a22002177a 4500
005 2010072205365.0
010 _aENG-97344
020 _c300.00
_a9788190694414
035 _aEN-80877
037 _bDBAD/PUB
082 _a793.4
100 _aDatta, A.K.
_91509
245 _aGames & stunts for children /
_cA.K. Datta
260 _aDelhi
_bJanavani Prakashan
_c2009
270 _a30/35-36, Gali No.9, Vishwas Nagar Shahdara,
_bDelhi
_e110032
300 _a183p.
_c23cm (Hb)
500 _aIncludes bibliographical references and index
700 _92116
942 _2ddc
_cEN
_mDAT
_h793.4
999 _c38092
_d38092